000
00316nam a22001457a 4500
999
_c
14537
_d
14537
020
_a
0070435065
022
_a
978-0070435063
082
_a
343.54099SOO
100
_a
Sood Vivek
245
_a
Cyberlaw Simplified
260
_a
New Delhi
_b
McGraw Hill
_c
2014
300
_a
598
650
_a
Cyberlaw
942
_c
BK